000
00334 a2200145 4500
001
153737
040
_c
Escola São Tomás de Aquino
100
_a
GIANNI Rodari
240
1
0
_a
Zero, pra que te quero?
_l
por
245
1
0
_a
Zero, pra que te quero?
362
0
_a
2014
440
1
_a
FTD
697
_a
*LITERATURA INFANTO
942
_c
BK
999
_c
153737
_d
153737